| 000 | 00985cam a2200325 a 4500 | ||
|---|---|---|---|
| 001 | 610911 | ||
| 003 | ARRUPE | ||
| 005 | 20150306144507.0 | ||
| 008 | 871117s1987 ctu b 000 0 eng | ||
| 010 | _a 86028574 | ||
| 020 | _a0918024498 | ||
| 020 | _a0918024005 (pbk.) | ||
| 035 | _a(OCoLC)14819257 | ||
| 035 | _a(OCoLC)ocm14819257 | ||
| 035 | _a(CStRLIN)NYCG87-B90758 | ||
| 035 | _a(NNC)610911 | ||
| 040 |
_dNNC _cArrupe |
||
| 050 | 0 |
_aPN175 _b.M3 1987 |
|
| 082 | 0 |
_a808 _219 |
|
| 090 |
_aPN175 _b.M3 1987 |
||
| 100 | 1 |
_aMcKeon, Richard _q(Richard Peter), _d1900-1985. _915926 |
|
| 245 | 1 | 0 |
_aRhetoric : _bessays in invention and discovery / _cRichard McKeon ; edited with an introduction by Mark Backman. |
| 260 |
_aWoodbridge, CT : _bOx Bow Press, _cc1987. |
||
| 300 |
_axxxii, 220 p. ; _c23 cm. |
||
| 504 | _aIncludes bibliographical references. | ||
| 650 | 0 |
_aRhetoric. _915927 |
|
| 700 | 1 |
_aBackman, Mark. _915928 |
|
| 942 |
_2lcc _cMONOGRAPH |
||
| 999 |
_c122316 _d122316 |
||